Normal view
MARC view
- Provider, R. A.
Entry Personal Name
001 - CONTROL NUMBER
- control field: 42694
003 - CONTROL NUMBER IDENTIFIER
- control field: OSt
005 - DATE AND TIME OF LATEST TRANSACTION
- control field: 20201218103003.0
008 - FIXED-LENGTH DATA ELEMENTS
- fixed length control field: 201218|| aca||aabn | a|a d
040 ## - CATALOGING SOURCE
- Original cataloging agency: OSt
- Transcribing agency: OSt
100 ## - HEADING--PERSONAL NAME
- Personal name: Provider, R. A.
- Relator term: Author.
670 ## - SOURCE DATA FOUND
- Source citation: Work cat.: (OSt): Dubin, Arlene G. 42692, What CPAs need to know about tying and untying the not/ , ©2015.
